[Event "Khabarovsk Region-ch"]
[Site "Khabarovsk"]
[Date "2010.07.16"]
[Round "5"]
[White "Grinblat, Andrey"]
[Black "Gerasimov, Victor"]
[Result "1-0"]
[WhiteElo "2343"]
[BlackElo "2291"]
[PlyCount "41"]
[EventDate "2010.07.12"]
[EventType "swiss"]
[EventRounds "8"]
[EventCountry "RUS"]
[SourceTitle "EXT 2022"]
[Source "ChessBase"]
[SourceDate "2021.10.06"]
[SourceVersion "1"]
[SourceVersionDate "2021.10.06"]
[SourceQuality "1"]

1. e4 c5 2. Nf3 d6 3. d4 cxd4 4. Nxd4 Nf6 5. Nc3 Nc6 6. Bc4 e6 7. Be3 a6 8. Qe2 Nxd4 9. Bxd4 b5 10. Bb3 Bb7 11. 0-0-0 b4 12. e5 Nd7 13. exd6 Bxd6 14. Ne4 Bf4+ 15. Kb1 Qe7 16. Bxg7 Rg8 17. Rxd7 Kxd7 18. Nf6+ Kc8 19. Nxg8 Qg5 20. Bh6 Qxg2 21. Bxe6+ 1-0